<?xml version="1.0" encoding="UTF-8"?>
<record
    xmlns:xsi="http://www.w3.org/2001/XMLSchema-instance"
    xsi:schemaLocation="http://www.loc.gov/MARC21/slim http://www.loc.gov/standards/marcxml/schema/MARC21slim.xsd"
    xmlns="http://www.loc.gov/MARC21/slim">

  <leader>00968cam a2200265 a 4500</leader>
  <controlfield tag="001"> 82649</controlfield>
  <controlfield tag="003">BD-RjUL</controlfield>
  <controlfield tag="005">20240116160305.0</controlfield>
  <controlfield tag="008">2401  s1952    pk            000 0 per d</controlfield>
  <datafield tag="035" ind1=" " ind2=" ">
    <subfield code="a">(BD-RjUL) 82649</subfield>
  </datafield>
  <datafield tag="040" ind1=" " ind2=" ">
    <subfield code="a">NNL</subfield>
    <subfield code="c">AST</subfield>
    <subfield code="d">OCLCQ</subfield>
    <subfield code="b">eng</subfield>
  </datafield>
  <datafield tag="041" ind1="0" ind2=" ">
    <subfield code="a">per</subfield>
    <subfield code="a">eng</subfield>
    <subfield code="a">urd</subfield>
  </datafield>
  <datafield tag="082" ind1=" " ind2=" ">
    <subfield code="2">23</subfield>
    <subfield code="a">491.55321</subfield>
    <subfield code="b">RAM 1952</subfield>
  </datafield>
  <datafield tag="100" ind1="1" ind2=" ">
    <subfield code="a">R&#x101;z&#x12B;, Far&#x12B;dah</subfield>
    <subfield code="9">10887</subfield>
  </datafield>
  <datafield tag="245" ind1="1" ind2="4">
    <subfield code="a">&#x641;&#x631;&#x647;&#x646;&#x6AF; &#x646;&#x627;&#x645;&#x647; &#x62C;&#x62F;&#x64A;&#x62F;   The modern Persian dictionary :</subfield>
    <subfield code="b">(Persian-Urdu-English) &#x641;&#x627;&#x631;&#x633;&#x64A;-&#x627;&#x631;&#x62F;&#x648;-&#x627;&#x646;&#x6AF;&#x644;&#x64A;&#x633; </subfield>
    <subfield code="c">compiled by F.D. Razi ;&#x641;&#x64A;&#x631;&#x648;&#x632; &#x627;&#x644;&#x62F;&#x64A;&#x646; &#x631;&#x627;&#x632;&#x64A;    assisted by M. Rasheed Ahmed.&#x631;&#x627;&#x634;&#x64A;&#x62F; &#x627;&#x62D;&#x645;&#x62F;</subfield>
  </datafield>
  <datafield tag="250" ind1=" " ind2=" ">
    <subfield code="a">1st ed.</subfield>
  </datafield>
  <datafield tag="260" ind1=" " ind2=" ">
    <subfield code="a">Lahore :</subfield>
    <subfield code="b">Ripon Printing Press,</subfield>
    <subfield code="c">1952.</subfield>
  </datafield>
  <datafield tag="300" ind1=" " ind2=" ">
    <subfield code="a">1 v ;</subfield>
    <subfield code="c">24 cm.</subfield>
  </datafield>
  <datafield tag="500" ind1=" " ind2=" ">
    <subfield code="a">Added t.-p.in Persian.</subfield>
  </datafield>
  <datafield tag="504" ind1=" " ind2=" ">
    <subfield code="a">Includes bibliography.</subfield>
  </datafield>
  <datafield tag="650" ind1=" " ind2="4">
    <subfield code="a">Persian language</subfield>
    <subfield code="v">Dictionaries</subfield>
    <subfield code="x">English</subfield>
    <subfield code="9">788</subfield>
  </datafield>
  <datafield tag="650" ind1=" " ind2="4">
    <subfield code="a">Persian language</subfield>
    <subfield code="v">Dictionaries</subfield>
    <subfield code="x">Urdu</subfield>
    <subfield code="9">10888</subfield>
  </datafield>
  <datafield tag="942" ind1=" " ind2=" ">
    <subfield code="2">ddc</subfield>
    <subfield code="c">REF</subfield>
  </datafield>
  <datafield tag="999" ind1=" " ind2=" ">
    <subfield code="c">82649</subfield>
    <subfield code="d">82649</subfield>
  </datafield>
  <datafield tag="952" ind1=" " ind2=" ">
    <subfield code="0">0</subfield>
    <subfield code="1">0</subfield>
    <subfield code="2">ddc</subfield>
    <subfield code="4">0</subfield>
    <subfield code="7">1</subfield>
    <subfield code="8">REF</subfield>
    <subfield code="a">RUCL</subfield>
    <subfield code="b">RUCL</subfield>
    <subfield code="c">REF</subfield>
    <subfield code="d">2024-01-16</subfield>
    <subfield code="o">FR  491.55321 RAM 1952</subfield>
    <subfield code="r">2024-01-16 00:00:00</subfield>
    <subfield code="t">C-1</subfield>
    <subfield code="y">REF</subfield>
  </datafield>
</record>
